000
00245nam a2200097Ia 4500
001
777096
005
20250826165900.0
008
250824s9999 xx 000 0 und d
245
0
_a
ÇIPLAK AYAKLIYDI GECE
_c
AHMET ÜMİT
260
_b
EVEREST YAYINLARI
999
_c
777096
_d
777096